000
00237nam a2200097Ia 4500
008
120527s9999 xx 000 0 und d
100
_a
MCEACHERN, W.A
245
_a
Economics :A contemporary introduction
260
_b
Pearson
942
_c
BK
999
_c
25486
_d
25486